000
00272nam a2200097Ia 4500
001
1109681
005
20250827003541.0
008
250824s9999 xx 000 0 und d
245
0
_a
YEDİNCİ GÜN BORDAMIZA VURAN DENİZ
_c
ORHAN HANÇERLİOĞLU
260
_b
REMZİ KİTABEVİ
999
_c
1109681
_d
1109681